UM Logo

12 Myths and facts about physical education for students with disabilities / (Record no. 22302)

MARC details
000 -LEADER
fixed length control field 00996nam a22002297a 4500
003 - CONTROL NUMBER IDENTIFIER
control field OSt
005 - DATE AND TIME OF LATEST TRANSACTION
control field 20250819143847.0
008 - FIXED-LENGTH DATA ELEMENTS--GENERAL INFORMATION
fixed length control field 241007b |||||||| |||| 00| 0 eng d
040 ## - CATALOGING SOURCE
Transcribing agency 0
082 ## - DEWEY DECIMAL CLASSIFICATION NUMBER
Classification number DPer 613.705 J826 January-December 2020 v. 91 n. 1-9
100 ## - MAIN ENTRY--PERSONAL NAME
Personal name Bittner, Melissa.
Relator term author.
9 (RLIN) 62439
245 ## - TITLE STATEMENT
Title 12 Myths and facts about physical education for students with disabilities /
Statement of responsibility, etc. Melissa Bittner, Lisa Silliman-French, Lauren J. Lieberman, and Rebecca Lytle.
260 ## - PUBLICATION, DISTRIBUTION, ETC. (IMPRINT)
Place of publication, distribution, etc. Virginia ;
Name of publisher, distributor, etc. American Alliance for Health ,
Date of publication, distribution, etc. January 2020.
300 ## - PHYSICAL DESCRIPTION
Extent Volume 91, pages 24-32 :
Other physical details illustration ;
Dimensions 28 cm.
500 ## - GENERAL NOTE
General note The Journal of Physical Education Recreation & Dance, vol. 91, no. 1, pages 24-32, January 2020.
650 #0 - SUBJECT ADDED ENTRY--TOPICAL TERM
Topical term or geographic name as entry element Physical education.
9 (RLIN) 50439
700 ## - ADDED ENTRY--PERSONAL NAME
Personal name Bittner, Melissa.
Relator term author.
9 (RLIN) 62440
700 ## - ADDED ENTRY--PERSONAL NAME
Personal name Silliman-French, Lisa.
Relator term author.
9 (RLIN) 64387
700 ## - ADDED ENTRY--PERSONAL NAME
Personal name Lieberman, Lauren J.
Relator term author.
9 (RLIN) 64388
700 ## - ADDED ENTRY--PERSONAL NAME
Personal name Lytle, Rebecca.
Relator term author.
9 (RLIN) 64389
942 ## - ADDED ENTRY ELEMENTS (KOHA)
Source of classification or shelving scheme Dewey Decimal Classification
Koha item type Periodicals
Holdings
Withdrawn status Lost status Source of classification or shelving scheme Damaged status Not for loan Collection code Home library Current library Date acquired Total Checkouts Full call number Date last seen Price effective from Koha item type Public note
    Dewey Decimal Classification     Periodicals UM Digos College - LIC UM Digos College - LIC 10/07/2024   DPer 613.705 J826 January-December 2020 v. 91 n. 1-9 10/07/2024 10/07/2024 Periodicals Periodical Article